| 000 | 00378nam a2200157Ia 4500 | ||
|---|---|---|---|
| 005 | 20250603145332.0 | ||
| 008 | 250603s9999 xx 000 0 und d | ||
| 020 | _a0- 201- 03227- 9 | ||
| 050 | _aQA 39.2 .H395/ | ||
| 100 | _aRuth E. Heintz | ||
| 245 | 0 | _aMathematics for elementary teachers | |
| 260 | _bAddison Wesley | ||
| 260 | _c1980 | ||
| 300 | _a492 p | ||
| 942 | _cBK | ||
| 999 |
_c41558 _d41558 |
||